[Event "5th Karpov"]
[Site "Poikovsky RUS"]
[Date "2004.03.18"]
[Round "2"]
[White "Grischuk,A"]
[Black "Sokolov,I"]
[Result "1-0"]
[WhiteElo "2719"]
[BlackElo "2706"]

1.e4 e5 2.Nf3 Nc6 3.Bb5 a6 4.Ba4 Nf6 5.O-O Be7 6.Re1 b5 7.Bb3 d6 8.c3 O-O
9.h3 Na5 10.Bc2 c5 11.d4 cxd4 12.cxd4 Bb7 13.d5 Rc8 14.b3 Qc7 15.Bd3 Nh5
16.a4 b4 17.Bd2 f5 18.Bxb4 Nf4 19.Nc3 Nxb3 20.Rb1 Nc5 21.Bxc5 Qxc5 22.Rxb7 Qxc3
23.Bxa6 Qa5 24.Rxe7 Qxa6 25.Nh4 fxe4 26.Qg4 Rf7 27.Nf5 h5 28.Qg5 e3 29.Rxf7 exf2+
30.Kh2  1-0

[Event "5th Karpov"]
[Site "Poikovsky RUS"]
[Date "2004.03.19"]
[Round "3"]
[White "Zvjaginsev,V"]
[Black "Lautier,J"]
[Result "1/2-1/2"]
[WhiteElo "2654"]
[BlackElo "2676"]

1.d4 d5 2.c4 c6 3.Nc3 Nf6 4.e3 a6 5.Nf3 b5 6.c5 Bg4 7.h3 Bxf3 8.Qxf3 Nbd7
9.g4 e5 10.g5 e4 11.Qd1 Ng8 12.h4 g6 13.Qg4 h6 14.Rg1 hxg5 15.hxg5 Ne7 16.Bd2 Nf5
17.f4  1/2-1/2

[Event "5th Karpov"]
[Site "Poikovsky RUS"]
[Date "2004.03.20"]
[Round "4"]
[White "Grischuk,A"]
[Black "Zvjaginsev,V"]
[Result "1-0"]
[WhiteElo "2719"]
[BlackElo "2654"]

1.e4 c5 2.Nf3 Nc6 3.d4 cxd4 4.Nxd4 g6 5.Nc3 Bg7 6.Be3 Nf6 7.Bc4 O-O 8.Bb3 e6
9.f4 Ng4 10.Qxg4 Nxd4 11.O-O-O Nxb3+ 12.axb3 Qa5 13.Kb1 f5 14.Qg5 Bf6 15.Qg3 Bxc3
16.bxc3 fxe4 17.h4 Qh5 18.Qf2 a5 19.g4 Qb5 20.Rd6 a4 21.Rb6 Qa5 22.b4 Qd5
23.Qe2 e5 24.h5 exf4 25.Rd1 f3 26.Qe1 Qf7 27.hxg6 hxg6 28.Qh4 Qh7 29.Qg5 Ra6
30.Rdd6 Rxb6 31.Bxb6 f2 32.Rxg6+ Kf7 33.Qf6+ Ke8 34.Qd8+  1-0

[Event "5th Karpov"]
[Site "Poikovsky RUS"]
[Date "2004.03.23"]
[Round "6"]
[White "Rublevsky,S"]
[Black "Lautier,J"]
[Result "1-0"]
[WhiteElo "2655"]
[BlackElo "2676"]

1.e4 e5 2.Nf3 Nc6 3.d4 exd4 4.Nxd4 Nf6 5.Nxc6 bxc6 6.e5 Qe7 7.Qe2 Nd5 8.c4 Nb6
9.Nc3 Qe6 10.Qe4 g6 11.Bd3 Ba6 12.b3 Bg7 13.f4 O-O 14.Ba3 Rfe8 15.O-O d5
16.cxd5 cxd5 17.Qf3 Bxd3 18.Qxd3 f6 19.f5 gxf5 20.exf6 Qxf6 21.Ne2 c5 22.Qf3 c4
23.Ng3 Qd4+ 24.Kh1 Qg4 25.Rad1 Bf8 26.Bb2 Bg7 27.Bxg7 Qxf3 28.Rxf3 Kxg7 29.Nxf5+ Kh8
30.Kg1 Rf8 31.Kf2 Rae8 32.Ne3 Rxf3+ 33.Kxf3 Rf8+ 34.Ke2 Re8 35.Rd4 Kg7 36.Kd2 cxb3
37.axb3 h5 38.Kd3 Re5 39.Rf4 Re8 40.Kd4 Kg6 41.b4 Rb8 42.h4 Re8 43.Nxd5 Nxd5
44.Kxd5 Re2 45.g4 hxg4 46.Rxg4+ Kh5 47.Rc4 Rb2 48.Kc6 Rb1 49.Kb7  1-0

[Event "5th Karpov"]
[Site "Poikovsky RUS"]
[Date "2004.03.24"]
[Round "7"]
[White "Aleksandrov,A"]
[Black "Zhang Zhong"]
[Result "1/2-1/2"]
[WhiteElo "2679"]
[BlackElo "2639"]

1.d4 e6 2.c4 Nf6 3.Nc3 Bb4 4.e3 O-O 5.Bd3 d5 6.cxd5 exd5 7.Ne2 Re8 8.Bd2 Bd6
9.Rc1 a6 10.O-O Nbd7 11.Ng3 b6 12.f3 c5 13.Nce2 Bb7 14.Qe1 Bf8 15.Qf2 Rc8
16.Kh1 g6 17.Rcd1 Qe7 18.Rfe1 Bh6 19.Nf1 Qf8 20.a3 Re7 21.Bc2 Rce8 22.dxc5 bxc5
23.b4 Re5 24.Ba4 Rc8 25.Bc3 Re6 26.Qh4 d4 27.Bxd7 Nxd7 28.exd4 cxd4 29.Nxd4 Rxe1
30.Qxe1 Bg7 31.Ba1 Re8 32.Qf2 Qd6 33.Qc2 Rc8 34.Qb3 Qe7 35.h3 Nb6 36.Ne3 Qc7
37.Qb1 Qf4 38.Ndc2 Nc4 39.Nxc4 Qxc4 40.Bxg7 Kxg7 41.Ne3 Qc3 42.Rd3 Qc1+ 43.Qxc1 Rxc1+
44.Kh2 Bc6 45.Nd5 Bb5 46.Rc3 Ra1 47.Nc7 Ra2 48.Nxb5 axb5 49.f4 h5 50.Kg3 h4+
51.Kf3 f5 52.Rc7+ Kf6 53.Rc6+ Kf7 54.Ra6 Rb2 55.Ra5 Rb3+ 56.Ke2 Rb2+ 57.Kf1 Rb1+
58.Kf2 Rb2+ 59.Kg1 Rb1+ 60.Kh2 Rb3 61.Rxb5 Rxa3 62.Rb7+ Kf6 63.Rb8 Rb3 64.b5 Rb1
65.b6 Rb2 66.Kg1 Kg7 67.Kf1 Kh7 68.Rb7+ Kh6 69.Rb8 Kg7 70.Ke1 Rxg2 71.Rc8 Rb2
72.Rc7+ Kh6 73.b7 g5 74.fxg5+ Kxg5 75.Kd1 Kf4 76.Kc1 Rb6 77.Kc2 Ke5 78.Kd3 Kd6
79.Rh7 Kc6 80.Kd4 f4 81.Rh6+ Kxb7 82.Rh7+ Kc6 83.Rh6+ Kb7  1/2-1/2

[Event "5th Karpov"]
[Site "Poikovsky RUS"]
[Date "2004.03.25"]
[Round "8"]
[White "Zhang Zhong"]
[Black "Lautier,J"]
[Result "1-0"]
[WhiteElo "2639"]
[BlackElo "2676"]

1.e4 c5 2.Nf3 Nc6 3.Bb5 e6 4.O-O Nge7 5.b3 a6 6.Bxc6 Nxc6 7.Bb2 b5 8.c4 bxc4
9.bxc4 Rb8 10.Bc3 d6 11.Na3 e5 12.Nc2 Be7 13.Ne3 O-O 14.d3 Qd7 15.Nd2 Bg5
16.Nd5 Ne7 17.Rb1 Rxb1 18.Qxb1 f5 19.Nb6 Qc7 20.Nxc8 Rxc8 21.Nf3 Bh6 22.Re1 fxe4
23.Rxe4 Rb8 24.Qd1 Nc6 25.h4 Qb7 26.Re1 Qd7 27.Nh2 Rf8 28.Qa4 Qb7 29.Qc2 Qd7
30.Qe2 g6 31.Qe4 Bg7 32.Rb1 Qc7 33.Nf3 Bh6 34.g3 Rf7 35.Kg2 Kf8 36.h5 gxh5
37.Rh1 Rf6 38.Rxh5 Kg8 39.Nh2 Rg6 40.Ng4 Bg7 41.Ne3 Ne7 42.Rh1 Qb8 43.Nd5 Nxd5
44.Qxd5+ Kh8 45.Bd2 Bf6 46.Rh6 Kg7 47.Rh1 Qb2 48.Qxd6 Qb7+ 49.Qd5 Qxd5+ 50.cxd5 Rg4
51.f4 exf4 52.Bxf4 Rg6 53.Rb1 Be7 54.Rb7 Kf8 55.Kf3 Ke8 56.Ke4 Kd8 57.Rb8+ Kd7
58.Rh8 Rg7 59.Ra8 Rg6 60.Ra7+ Kd8 61.d6 Bg5 62.Kd5  1-0